BIBLIOTHÈQUE DE LA MAISON DU MEXIQUE

Logo 1 Logo 2

Jorge Amado (notice nᵒ 93)

détails MARC
000 -Sello discográfico
campo de control de longitud fija 00948nam a2200277 4500
005 - Identificación de versión
campo de control 20251016081927.0
010 ## - Número Estándar Internacional de Libros (ISBN)
Número (ISBN) 847-232-467-2
035 ## - Otros números de control del sistema
Número de control del sistema 18468
099 ## - fechas locales
Tipo de ítem Koha LIBRO
100 ## - Datos de procesamiento general
Datos de procesamiento general 19930801d1989 m y1spay5003 ba
105 ## - Campo de datos codificados: Material textual, monográfico
Datos codificados de monografía y 001zy
200 1# - Título y mención de responsabilidad
Título propio Jorge Amado
Designación general del material texto impreso
Primer mención de responsabilidad Edición Fernando Rodríguez Lafuente
210 ## - Publicación, distribución, etc.
Lugar de publicación, distribución, etc. Madrid
Nombre del editor, distribuidor, etc. Ediciones de Cultura Hispánica
Fecha de publicación, distribución, etc. 1989
215 ## - Descripción física
Designación de material específico y extensión del ítem 104 p
Dimensiones 24 cm
300 ## - Notas generales
Texto de la nota La semana de autor sobre Jorge Amado tuvo lugar en Madrid, entre los días 23 al 26 de marzo de 1987, en el Instituto de Cooperación Iberoamericana
345 ## - Nota de información de adquisición
Fuente de adquisición/dirección de la suscripción [OBSOLETO] Donación
600 ## - Nombre personal usado como materia
Elemento de entrada Amado
Parte del nombre distinta del elemento de entrada Jorge
Fechas 1912-2001
Subdivisión temática Crítica e interpretación
Número Koha 341
700 ## - Nombre personal - Responsabilidad primaria
Elemento de entrada Rodríguez Lafuente
Parte del nombre distinta del elemento de entrada Fernando
Número Koha 342
801 #0 - Fuente de origen
Agencia cm
900 ## -
-- 1/10408
900 ## -
-- 710936079\\010893
942 ## - ELEMENTOS DE ENTRADA SECUNDARIOS (KOHA)
Tipo de ítem Koha Livre
996 ## -
-- MEX
-- 751145101
-- MMAG
-- 003625
-- BR869.34 A481S
-- 20191118LIV
Exemplaires
Estatus retirado Estado de daño Estado de pérdida Fecha de adquisición Biblioteca de origen Biblioteca actual Ubicación en estantería Código de barras Precio de reemplazo Signatura topográfica completa No para préstamo Tipo de ítem Koha Nota pública Nota no pública
      05/08/2025 Casa México Paris Casa México Paris   003625 05/08/2025 BR869.34 A481S   Livre 20191118LIV 751145101